| 000 | 00577nam a2200205Ia 4500 | ||
|---|---|---|---|
| 005 | 20250508165012.0 | ||
| 008 | 008 250505s9999 xx 000 0 hin d | ||
| 020 | _a978-93-80172-35-4 | ||
| 037 | _aTextual | ||
| 040 |
_aFEDL _beng _cFEDL |
||
| 041 |
_ahin _2eng |
||
| 084 |
_a378, GUP _qFEDL |
||
| 100 | _aGupta Asha | ||
| 245 | 0 | _aUchchtar shiksha ke badalte aayaam | |
| 260 |
_aDelhi, India _bUniversity Hindi Madhyam Karyanvya Nideshalaya _c2011 |
||
| 300 | _axxv,469p. | ||
| 365 |
_aINR _b200 |
||
| 942 |
_cTEXL _h378, GUP |
||
| 999 |
_c1392586 _d1392586 |
||